MARC details
| 000 -LEADER |
| fixed length control field |
02539cam a22003855a 4500 |
| 001 - CONTROL NUMBER |
| control field |
15670581 |
| 005 - DATE AND TIME OF LATEST TRANSACTION |
| control field |
20181115102052.0 |
| 008 - FIXED-LENGTH DATA ELEMENTS--GENERAL INFORMATION |
| fixed length control field |
090323s2010 enka frb 001 0 eng d |
| 010 ## - LIBRARY OF CONGRESS CONTROL NUMBER |
| LC control number |
2009009312 |
| 015 ## - NATIONAL BIBLIOGRAPHY NUMBER |
| National bibliography number |
GBA965619 |
| Source |
bnb |
| 016 7# - NATIONAL BIBLIOGRAPHIC AGENCY CONTROL NUMBER |
| Record control number |
015303122 |
| Source |
Uk |
| 020 ## - INTERNATIONAL STANDARD BOOK NUMBER |
| International Standard Book Number |
9781405196864 (pbk. : alk. paper) |
| 020 ## - INTERNATIONAL STANDARD BOOK NUMBER |
| International Standard Book Number |
1405196866 (pbk. : alk. paper) |
| 035 ## - SYSTEM CONTROL NUMBER |
| System control number |
(OCoLC)ocn317777882 |
| 040 ## - CATALOGING SOURCE |
| Original cataloging agency |
DLC |
| Language of cataloging |
eng |
| Transcribing agency |
DLC |
| Modifying agency |
YDX |
| -- |
UKM |
| -- |
YDXCP |
| -- |
CVM |
| -- |
DEBBG |
| -- |
BTCTA |
| -- |
DLC |
| -- |
EG-ScBUE |
| 082 04 - DEWEY DECIMAL CLASSIFICATION NUMBER |
| Classification number |
303.4833 |
| Item number |
CAS |
| Edition number |
22 |
| 100 1# - MAIN ENTRY--PERSONAL NAME |
| Personal name |
Castells, Manuel, |
| Dates associated with a name |
1942- |
| 9 (RLIN) |
37772 |
| 245 14 - TITLE STATEMENT |
| Title |
The rise of the network society / |
| Statement of responsibility, etc |
Manuel Castells. |
| 250 ## - EDITION STATEMENT |
| Edition statement |
2nd ed., with a new pref. |
| 260 ## - PUBLICATION, DISTRIBUTION, ETC. (IMPRINT) |
| Place of publication, distribution, etc |
Chichester, West Sussex ; |
| -- |
Malden, MA : |
| Name of publisher, distributor, etc |
Wiley-Blackwell, |
| Date of publication, distribution, etc |
2010. |
| 300 ## - PHYSICAL DESCRIPTION |
| Extent |
lvii, 597 p. : |
| Other physical details |
ill. ; |
| Dimensions |
23 cm. |
| 490 0# - Series Statement |
| Series statement |
Information age : economy, society, and culture ; |
| Volume/sequential designation |
v. 1 |
| 504 ## - BIBLIOGRAPHY, ETC. NOTE |
| Bibliography, etc |
Includes bibliographical references and index. |
| 505 0# - FORMATTED CONTENTS NOTE |
| Formatted contents note |
Prologue: the net and the self -- The information technology revolution -- The new economy: informationalism, globalization, networking -- The network enterprise: the culture, institutions, and organizations of the informational economy -- The transformation of work and employment: networkers, jobless, and flex-timers -- The culture of real virtuality: the integration of electronic communication, the end of the mass audience, and the rise of interactive networks -- The space of flows -- The egde of forever: timeless time -- Conclusion: the network society. |
| 520 ## - SUMMARY, ETC. |
| Summary, etc |
This first book in Castells' groundbreaking trilogy, with a substantial new preface, highlights the economic and social dynamics of the information age and shows how the network society has now fully risen on a global scale.<br/>- Groundbreaking volume on the impact of the age of information on all aspects of society<br/>- Includes coverage of the influence of the internet and the net-economy<br/>- Describes the accelerating pace of innovation and social transformation<br/>- Based on research in the USA, Asia, Latin America, and Europe |
| 650 #7 - SUBJECT ADDED ENTRY--TOPICAL TERM |
| Topical term or geographic name as entry element |
Information technology |
| General subdivision |
Economic aspects. |
| Source of heading or term |
BUEsh |
| 650 #7 - SUBJECT ADDED ENTRY--TOPICAL TERM |
| Topical term or geographic name as entry element |
Information society. |
| Source of heading or term |
BUEsh |
| 9 (RLIN) |
37393 |
| 650 #7 - SUBJECT ADDED ENTRY--TOPICAL TERM |
| Topical term or geographic name as entry element |
Information networks. |
| Source of heading or term |
BUEsh |
| 650 #7 - SUBJECT ADDED ENTRY--TOPICAL TERM |
| Topical term or geographic name as entry element |
Technology and civilization. |
| Source of heading or term |
BUEsh |
| 651 ## - SUBJECT ADDED ENTRY--GEOGRAPHIC NAME |
| Source of heading or term |
BUEsh |
| 653 ## - INDEX TERM--UNCONTROLLED |
| Resource For college |
Communication and mass media |
| Arrived date list |
November2018 |
| 655 ## - INDEX TERM--GENRE/FORM |
| Form subdivision |
Reading book |
| 856 ## - ELECTRONIC LOCATION AND ACCESS |
| Uniform Resource Identifier |
<a href="http://bvbm2.bib-bvb.de:8993/F?func=service&doc_library=BVB01&doc_number=017993589&line_number=0001&func_code=DB_RECORDS&service_type=MEDIA">http://bvbm2.bib-bvb.de:8993/F?func=service&doc_library=BVB01&doc_number=017993589&line_number=0001&func_code=DB_RECORDS&service_type=MEDIA</a> |
| Public note |
Inhaltsverzeichnis |
| 942 ## - ADDED ENTRY ELEMENTS (KOHA) |
| Source of classification or shelving scheme |
Dewey Decimal Classification |